Statistics for Borussia Dortmund Squad 11 - 12

Click here to take the quiz!

General Stats

  • This quiz has been taken 505 times
  • The average score is 11 of 22

Answer Stats

Answer% Correct
Mats Hummels
88%
Robert Lewandowski
88%
Mario Götze
85%
Roman Weidenfeller
85%
Neven Subotic
78%
Marcel Schmelzer
73%
Shinji Kagawa
63%
Sven Bender
60%
Ilkay Gündogan
59%
Sebastian Kehl
59%
Lucas Barrios
52%
Jakub Kuba
49%
Kevin Grosskreutz
48%
Mitchell Langerak
46%
Felipe Santana
40%
Lukas Pisczek
27%
Moritz Leitner
26%
Ivan Perisic
25%
Patrick Owomoyela
21%
Chris Löwe
14%
Antonio da Silva
13%
Johannes Focher
5%

Score Distribution

Percentile by Number Answered

Percent of People with Each Score

Your Score History

You have not taken this quiz